BIBLIOTECA PODER JUDICIAL
Portal Judicial TDF

El juez del ser y del deber ser. Una mirada sobre el perfil de los jueces del futuro / (Registro nro. 6428)

000 -LEADER
fixed length control field 01713nab a22002897a 4500
003 - CONTROL NUMBER IDENTIFIER
control field OSt
005 - DATE AND TIME OF LATEST TRANSACTION
control field 20260202204649.0
008 - FIXED-LENGTH DATA ELEMENTS--GENERAL INFORMATION
fixed length control field 190506c xxu||||| |||| 00| 0 spa d
040 ## - CATALOGING SOURCE
Transcribing agency PJ
100 ## - MAIN ENTRY--PERSONAL NAME
9 (RLIN) 1439
Personal name Grisolia, Julio Armando
245 13 - TITLE STATEMENT
Title El juez del ser y del deber ser. Una mirada sobre el perfil de los jueces del futuro /
Statement of responsibility, etc Julio A. Grisolia.
260 ## - PUBLICATION, DISTRIBUTION, ETC. (IMPRINT)
Place of publication, distribution, etc Buenos Aires :
Name of publisher, distributor, etc AbeledoPerrot,
Date of publication, distribution, etc 2023.
300 ## - PHYSICAL DESCRIPTION
Extent p. 3-8
500 ## - GENERAL NOTE
General note Cita: TR LALEY AR/DOC/673/2023
505 ## - FORMATTED CONTENTS NOTE
Formatted contents note Sumario: I. Palabras preliminares.— II. Algunas premisas sentadas en trabajos anteriores.— III. La mirada de la sociedad sobre la justicia y los jueces. El formalismo y el tiempo.— IV. Una nueva realidad: la necesidad de un cambio de paradigma.— V. Los jueces y el conocimiento del derecho.— VI. Otros conocimientos necesarios para la función judicial. Habilidades y actitudes.— VII. Lo que se debería tener en cuenta en un proceso de selección de jueces.— VIII. Otras cualidades de los jueces. Liderazgo y gestión.— IX. El juez moderno que la sociedad reclama.— X. Reflexiones finales.— XI. Bibliografía complementaria.
505 ## - FORMATTED CONTENTS NOTE
Title ¿Te interesa el texto completo? Comunicate al correo: koha@justierradelfuego.gov.ar
650 #0 - SUBJECT ADDED ENTRY--TOPICAL TERM
9 (RLIN) 1316
Topical term or geographic name as entry element DERECHO LABORAL
650 #0 - SUBJECT ADDED ENTRY--TOPICAL TERM
9 (RLIN) 1146
Topical term or geographic name as entry element JUECES
650 #0 - SUBJECT ADDED ENTRY--TOPICAL TERM
9 (RLIN) 1194
Topical term or geographic name as entry element CONSEJO DE LA MAGISTRATURA
650 #0 - SUBJECT ADDED ENTRY--TOPICAL TERM
9 (RLIN) 289
Topical term or geographic name as entry element TECNOLOGIA DE LA INFORMACION
650 #0 - SUBJECT ADDED ENTRY--TOPICAL TERM
9 (RLIN) 6081
Topical term or geographic name as entry element CIENCIA Y TECNOLOGÍA
650 #0 - SUBJECT ADDED ENTRY--TOPICAL TERM
9 (RLIN) 5817
Topical term or geographic name as entry element INTELIGENCIA ARTIFICIAL
650 #0 - SUBJECT ADDED ENTRY--TOPICAL TERM
9 (RLIN) 273
Topical term or geographic name as entry element DERECHO INFORMATICO
650 #0 - SUBJECT ADDED ENTRY--TOPICAL TERM
9 (RLIN) 2062
Topical term or geographic name as entry element ABOGADOS
773 0# - HOST ITEM ENTRY
Host Biblionumber 2751
Host Itemnumber 3202
Place, publisher, and date of publication Buenos Aires : AbeledoPerrot, 2013-
Title Revista de derecho laboral y seguridad social. Nº 9 - Mayo 2023
942 ## - ADDED ENTRY ELEMENTS (KOHA)
Source of classification or shelving scheme
Koha item type Analítica Artículo de Revista

No hay ítems disponibles.

12 de Octubre 789 Ushuaia - Tel:  54(02901)441571
Horario de Atención: 8.00 a 17.00 hs. 
bibliotecaush@justierradelfuego.gov.ar
koha@justierradelfuego.gov.ar
Seguinos en nuestras redes @bibliojustdf 

Con tecnología Koha